Statistics for Advanced level (Record no. 1333)

MARC details
000 -LEADER
fixed length control field 00397nam a22001697a 4500
005 - DATE AND TIME OF LATEST TRANSACTION
control field 20180530124430.0
008 - FIXED-LENGTH DATA ELEMENTS--GENERAL INFORMATION
fixed length control field 160521b xxu||||| |||| 00| 0 eng d
020 ## - INTERNATIONAL STANDARD BOOK NUMBER
ISBN 0-521-58686-0
041 ## - LANGUAGE CODE
Language code of text/sound track or separate title eng
082 ## - DEWEY DECIMAL CLASSIFICATION NUMBER
Item number 3870
Classification number 519.5
100 ## - MAIN ENTRY--AUTHOR NAME
Personal name Miller J.
245 ## - TITLE STATEMENT
Title Statistics for Advanced level
260 ## - PUBLICATION, DISTRIBUTION, ETC. (IMPRINT)
Name of publisher Combrider UMR PRESS
300 ## - PHYSICAL DESCRIPTION
Number of Pages 442
650 ## - SUBJECT ADDED ENTRY--TOPICAL TERM
Topical Term Management
942 ## - ADDED ENTRY ELEMENTS (KOHA)
Koha item type Books
Holdings
Lost status Damaged status Collection code Home library Current library Shelving location Date acquired Cost, normal purchase price Full call number Accession Number Koha item type
    MANAGEMENT JRU Library JRU Library SHELF-75-F 21/05/2016 295.00 519.5 3870 Books
    MANAGEMENT JRU Library JRU Library SHELF-75-F 21/05/2016 295.00 519.5 3871 Books